Normal view
MARC view
Entry Personal Name
001 - CONTROL NUMBER
- control field: 52963
003 - CONTROL NUMBER IDENTIFIER
- control field: OSt
005 - DATE AND TIME OF LATEST TRANSACTION
- control field: 20160420152502.0
008 - FIXED-LENGTH DATA ELEMENTS
- fixed length control field: 160420|| aca||aabn | a|a d
040 ## - CATALOGING SOURCE
- Original cataloging agency: OSt
- Transcribing agency: OSt
100 ## - HEADING--PERSONAL NAME
- Personal name: सुब्बाराव टी. आर
670 ## - SOURCE DATA FOUND
- Source citation: Work cat.: (OSt)9515: सुब्बाराव टी. आर, दुर्ग का पतन , 1999









